000 00633nam a2200205 a 4500
001 000018636
005 20200929165831.0
008 100512s1970 mx r 000 f spa d
040 _aDO-SdBNP
_bspa
_cBNPHU
082 _a843.912
_bM495c
100 1 _aMeersch, Maxence van der,
_d1907-1951
_913818
245 1 0 _aCuerpos y almas /
_cMaxence van der Meersch ; traducción Cristóbal Rivero.
250 _a1a ed. 9a imp.
260 _aMéxico :
_bDIANA,
_c1970.
300 _a478 p. ;
_c20 cm.
650 4 _aNovela francesa
_91075
650 4 _aLiteratura francesa
_91074
700 1 _aRivero, Cristóbal,
_etr.
_940271
049 _aBNGR
999 _c18156
_d18156